| 000 | 00636cam a2200241 4500 | ||
|---|---|---|---|
| 001 | J88625 | ||
| 008 | 090401t1997 xxu||||| |||| 00| 0 eng d | ||
| 035 | _a(Sirsi) u83018 | ||
| 041 | _aeng | ||
| 050 | _a333.337 | ||
| 110 |
_aRobert Barry and Co _9547 |
||
| 245 | _a1997 market review 1998 looking forward. | ||
| 260 |
_aLondon _bRobert Barry and Co. _c1997 |
||
| 300 | _a(7)p. : ill. ; 30cm. | ||
| 350 | _a0 | ||
| 650 | _aHOTELS | ||
| 650 | _aPROPERTY MARKET | ||
| 650 | _aPUBLIC HOUSES | ||
| 650 | _aRESTAURANTS | ||
| 690 | _aPROPERTY-COMMERCIAL PROPERTY-COMMERCIAL PROPERTY MARKET | ||
| 942 | _n0 | ||
| 948 | _c07/01/1998 | ||
| 999 |
_c96850 _d96850 |
||